000 00563nam a2200169 a 4500
001 000040931
005 20201002034503.0
008 130911s1978 sp 000 0 spa d
020 _a8420719781
040 _aDO-SdBNP
_bspa
_cBNPHU
100 1 _aWitt, Paul W. F.
_967359
240 1 0 _aTechnology and the curriculum
_lEspañol
245 1 0 _aProgramación y tecnología educativa /
_cW. F. Witt ; traducción Concha Vidorreta García.
260 _aMadrid :
_bEdiciones Anaya,
_c1978.
300 _a167 p. ;
_c22 cm.
500 _aIncluye notas al pie de las páginas
999 _c40421
_d40421